Citerne el-Nabih (Alexandrie) : le mobilier céramique issu des fouilles /

محفوظ في:

المؤلف الرئيسي: Dixneuf, Delphine.

مؤلفون آخرون: Bauden, Frédéric.

التنسيق: كتاب

اللغة: French

منشور في: Alexandrie : Centre d'études alexandrines, [2020].

سلاسل: Études Alexandrines ; 52.
EtAlex ; 52.

الموضوعات:

الوسوم: إضافة وسم

لا توجد وسوم, كن أول من يضع وسما على هذه التسجيلة!

رقم الطلب: DT73 .A4 E88 v.52

LEADER 00969nam a22002777a 4500
003 OSt
005 20260105093359.0
008 260105t20202020ua a b 001 0 fre d
020 |a 9782490128150 
035 |a (OCoLC)on1317749478 
040 |c ARCE Library 
042 |a lccopycat  |a lcode 
050 1 4 |a DT73 .A4  |b E88 v.52 
100 1 |a Dixneuf, Delphine. 
245 1 0 |a Citerne el-Nabih (Alexandrie) :   |b le mobilier céramique issu des fouilles /   |c Delphine Dixneuf avec une introduction de Laurent Borel et une contribution de Frédéric Bauden. 
264 1 |a Alexandrie :   |b Centre d'études alexandrines,   |c [2020]. 
264 4 |c ©2020. 
300 |a 309 pages :  |b illustrations ;  |c 28 cm. 
490 0 |a Études Alexandrines ;   |v 52. 
490 0 |a EtAlex ;   |v 52. 
504 |a Includes bibliographical references and index. 
650 0 |a Islamic pottery  |z Egypt  |z Alexandria. 
700 1 |a Bauden, Frédéric. 
901 |a reviewed 
942 |2 lcc  |c BK 
999 |c 51555  |d 51555